书目信息 |
| 题名: |
考研数学复习指南·理工类
|
|
| 作者: | 陈文登 , 黄先开 主编 | |
| 分册: | ||
| 出版信息: | 北京 世界图书出版公司 2007.02 |
|
| 页数: | 598页 | |
| 开本: | 26cm | |
| 丛书名: | ||
| 单 册: | ||
| 中图分类: | O31-62 | |
| 科图分类: | ||
| 主题词: | 理论力学 , 一般力学 | |
| 电子资源: | ||
| ISBN: | 978-7-5062-5211-9 | |
| 000 | 00697nam0 2200229 45 | |
| 001 | 1129203443 | |
| 005 | 20120620174248.01 | |
| 010 | @a978-7-5062-5211-9@dCNY49.80 | |
| 100 | @a20040309d2007 km y0chiy0120 ea | |
| 101 | 0 | @achi |
| 102 | @aCN@b110000 | |
| 200 | 1 | @a考研数学复习指南·理工类@Akao yan shu xue fu xi zhi nan·li gong lei@f陈文登,黄先开主编@FChen Wen Deng,Huang Xian Kai Zhu Bian |
| 205 | @a9版 | |
| 210 | @a北京@c世界图书出版公司@d2007.02 | |
| 215 | @a598页@d26cm | |
| 606 | 0 | @a理论力学 |
| 606 | 0 | @a一般力学 |
| 690 | @aO31-62@v3 | |
| 701 | 0 | @a陈文登@AChen Wen Deng@4主编 |
| 701 | 0 | @a黄先开@AHuang Xian Kai@4主编 |
| 801 | 0 | @aCN@bPFT@c20110617 |
| 905 | @a10447@dO31-62@eC580 | |
| 考研数学复习指南·理工类/陈文登,黄先开主编.-9版.-北京:世界图书出版公司,2007.02 |
| 598页;26cm |
| ISBN 978-7-5062-5211-9:CNY49.80 |
| ● |
| 相关链接 |
|
|
|
正题名:考研数学复习指南·理工类
索取号:O31-62/C580
 
预约/预借
| 序号 | 登录号 | 条形码 | 馆藏地/架位号 | 状态 | 备注 |
| 1 | 465543 | 204655435 | 自科库401/401自科库 82排1列3层/ [索取号:O31-62/C580] | 在馆 | |
| 2 | 465549 | 204655499 | 自科库401/401自科库 82排1列3层/ [索取号:O31-62/C580] | 在馆 | |
| 3 | 465928 | 204659280 | 自科库401/401自科库 82排1列3层/ [索取号:O31-62/C580] | 在馆 | |
| 4 | 465929 | 204659299 | 自科库401/401自科库 82排1列3层/ [索取号:O31-62/C580] | 在馆 | |
| 5 | 466340 | 204663408 | 自科库401/401自科库 82排1列3层/ [索取号:O31-62/C580] | 在馆 | |
| 6 | 466364 | 204663649 | 自科库401/401自科库 82排1列3层/ [索取号:O31-62/C580] | 在馆 | |
| 7 | 486582 | 204865823 | 自科库401/504自科库 22排1列4层/ [索取号:O31-62/C580] | 在馆 |